书目信息 |
| 题名: |
余光中谈翻译
|
|
| 作者: | 余光中 著 | |
| 分册: | ||
| 出版信息: | 北京 中国对外翻译出版公司 2002 |
|
| 页数: | 203页 | |
| 开本: | 20cm | |
| 丛书名: | 翻译理论与实务丛书 | |
| 单 册: | ||
| 中图分类: | H059-53 | |
| 科图分类: | ||
| 主题词: | 翻译理论--文集 , CT--S019284--翻译理论 | |
| 电子资源: | ||
| ISBN: | 7-5001-0749-8 | |
| 000 | 00898oam2 2200265 45 | |
| 001 | 012002048815 | |
| 005 | 20061109102340.64 | |
| 010 | @a7-5001-0749-8@dCNY12.00 | |
| 100 | @a20020613d2002 emky0chiy0110 ea | |
| 101 | 0 | @achi |
| 102 | @aCN@b110000 | |
| 105 | @ay z 000yy | |
| 200 | 1 | @a余光中谈翻译@9yu guang zhong tan fan yi@f余光中著 |
| 210 | @a北京@c中国对外翻译出版公司@d2002 | |
| 215 | @a203页@d20cm | |
| 225 | 2 | @a翻译理论与实务丛书 |
| 300 | @a“十五”国家重点图书 | |
| 330 | @a本书选入余光中先生英汉译文20余篇。这些译文以散文随笔的形式写成,见解深刻而不深奥,文笔优美、清新。读者阅读本书既可以学到翻译理论来指导翻译实践,又可以得到美的享受。 | |
| 461 | 0 | @12001 @a翻译理论与实务丛书 |
| 606 | 0 | @a翻译理论@j文集 |
| 606 | 0 | @2CT@3S019284@a翻译理论 |
| 690 | @aH059-53@v4 | |
| 701 | 0 | @a余光中@9yu guang zhong@4著 |
| 801 | 0 | @aCN@bNLC@c20061109 |
| 905 | @a10447@dH059-53@e155 | |
| 余光中谈翻译/余光中著.-北京:中国对外翻译出版公司,2002 |
| 203页;20cm.-(翻译理论与实务丛书) |
| “十五”国家重点图书 |
| ISBN 7-5001-0749-8:CNY12.00 |
| 本书选入余光中先生英汉译文20余篇。这些译文以散文随笔的形式写成,见解深刻而不深奥,文笔优美、清新。读者阅读本书既可以学到翻译理论来指导翻译实践,又可以得到美的享受。 |
| ● |
| 相关链接 |
|
|
|
|
正题名:余光中谈翻译
索取号:H059-53/155
 
预约/预借
| 序号 | 登录号 | 条形码 | 馆藏地/架位号 | 状态 | 备注 |
| 1 | 0385481 | 203854819 | 第二样本阅览室/ [索取号:H059-53/155] | 在馆 | |
| 2 | 0385482 | 203854828 | 第四借阅区/ [索取号:H059-53/155] | 在馆 | |
| 3 | 0385483 | 203854837 | 第四借阅区/ [索取号:H059-53/155] | 在馆 |